Country Song or George Costanza? Quiz Stats

 Plays Quiz Updated Feb 14, 2016

Challenge
Share
Tweet
Embed
Score 0/24 Timer 05:00
1 Play Today
Line Country (C) or George (G) % Correct
It's not a lie if you believe it.???
88.6%
I think she finds my stupidity charming.???
86.5%
The jerk store called. They're running out of you.???
84.9%
This woman hates me so much, I'm starting to like her.???
82.9%
My head hurts, my feet stink, and I don't love Jesus.???
82.9%
I've been flushed from the bathroom of your heart.???
81.9%
She got the goldmine and I got the shaft.???
81.3%
I'd rather have a bottle in front of me than a frontal lobotomy???
78.5%
If my mom and pop ran a store, I wouldn't shop there.???
74.7%
Here's a quarter, call someone who cares.???
73.2%
My mother always said I'm not special.???
72.8%
Everybody's doing something; we'll do nothing.???
72%
Line Country (C) or George (G) % Correct
I've been yelling at strangers on the street.???
71%
I'm gonna hire a wino to decorate our home.???
71%
How can I miss you when you won't go away????
70.8%
Does your chewing gum lose its flavor on the bedpost overnight????
69.7%
Why can't I have a heart attack????
69.6%
Pardon me, I've got someone to kill.???
67.8%
I'm much better in the daytime than I am at night.???
64.4%
I meant every word that he said.???
63.2%
I was brought up to say 'God bless you.'???
63.1%
They oughta name a drink after you.???
58.2%
So are you gonna sleep with me or what????
57.8%
Everybody loves a nut. The whole world loves a weirdo.???
53.4%

You're not logged in!

Compare scores with friends on all Sporcle quizzes.
Join for Free
OR
Log In

You Might Also Like...

Show Comments

Extras

Top Quizzes Today


Score Distribution

Your Account Isn't Verified!

In order to create a playlist on Sporcle, you need to verify the email address you used during registration. Go to your Sporcle Settings to finish the process.

Report this User

Report this user for behavior that violates our Community Guidelines.

Details: